000 00323nam a2200145Ia 4500
100 _aEisberg/Robert/ Resnick/R
942 _cBK
366 _f20
654 _aCommunication
245 _aQuantum Physics of atoms
260 _bWiley India
_aNew Delhi
_c1985
082 _a539/EIS
_bEIS
546 _aENGLISH
999 _c29860
_d29860